Qui est une vache? Mort subite - Statistiques

Statistiques générales
  • Ce quiz a été pris 129 fois
  • Le résultat moyen est 3 sur 10
Answers on the Grid
Answers color-coded by a green-red scale on the quiz's grid according to % correct below.
Bazadaise
Blanc Bleu
Irish Cob
Limousine
Camargue
Boulonnais
Mustang
Flekvieh
Holsteiner
Salers
Piémontaise
Connemara
Burline
Ardennais
Highland
Trotteur français
Falabella
Charolaise
Prim'Holstein
Cheval Canadien
 
Statistiques - réponses
Réponse % Correct
Limousine
78%
Charolaise
65%
Bazadaise
36%
Prim'Holstein
36%
Salers
36%
Highland
30%
Blanc Bleu
28%
Piémontaise
23%
Burline
11%
Flekvieh
5%
Aucun quiz correspondant
Distribution des résultats
% des personnes avec chaque résultat
Percentile par nombre de réponses
Votre historique - résultats
Vous n’avez pas pris ce quiz